<?xml version="1.0" encoding="UTF-8"?>
<record
    xmlns:xsi="http://www.w3.org/2001/XMLSchema-instance"
    xsi:schemaLocation="http://www.loc.gov/MARC21/slim http://www.loc.gov/standards/marcxml/schema/MARC21slim.xsd"
    xmlns="http://www.loc.gov/MARC21/slim">

  <leader>01320    a2200205   4500</leader>
  <controlfield tag="001">38050</controlfield>
  <controlfield tag="005">20260407155646.0</controlfield>
  <controlfield tag="008">260407a1980    arg                 spa d</controlfield>
  <controlfield tag="003">AR-UNSa-BCEJYS</controlfield>
  <datafield tag="040" ind1=" " ind2=" ">
    <subfield code="a">AR-UNSa-BCEJYS</subfield>
    <subfield code="b">spa</subfield>
    <subfield code="c">AR-UNSa-BCEJYS</subfield>
  </datafield>
  <datafield tag="080" ind1=" " ind2=" ">
    <subfield code="a">911.3:33(82)</subfield>
    <subfield code="x">Geograf&#xED;a econ&#xF3;mica argentina</subfield>
  </datafield>
  <datafield tag="245" ind1="1" ind2="0">
    <subfield code="a">La Argentina, geograf&#xED;a humana y econ&#xF3;mica</subfield>
  </datafield>
  <datafield tag="250" ind1=" " ind2=" ">
    <subfield code="a">6a. ed</subfield>
  </datafield>
  <datafield tag="264" ind1=" " ind2="1">
    <subfield code="a">Buenos Aires :</subfield>
    <subfield code="b">ERGON</subfield>
    <subfield code="c">1980</subfield>
  </datafield>
  <datafield tag="300" ind1=" " ind2=" ">
    <subfield code="a">x, 459 p.</subfield>
    <subfield code="c">24 cm.</subfield>
  </datafield>
  <datafield tag="505" ind1=" " ind2=" ">
    <subfield code="a">1. El territorio continental - 2. Argentina insular - 3. Sector ant&#xE1;rtico - 4. Factores naturales indirectores autorrenovables - 5. Recursos naturales - 6. Regiones naturales - 7. El dominio del territorio nacional - 8. El poblamiento argentino - 9. Est&#xE1;tica demogr&#xE1;fica - 10. Din&#xE1;mica Demogr&#xE1;fica 11. Aspectos cualitativos y pol&#xED;tica poblacional - 12. Actividad agrpecuaria - 13. La tecnificaci&#xF3;n rural - 14. Producci&#xF3;n agricola - 15. Cultivos industriales - 16. Frutas hortalizas,legumbres y plantas forrajeras - 17. Producci&#xF3;n ganadera - 18. Pesca y caza - 19. Explotaci&#xF3;n forestal - 20. Miner&#xED;a  - 21. Energ&#xED;a - 22. Industria - 23. Transportes y comunicaciones - 24. El comercio - 25. La argentina frente al futuro del mundo.</subfield>
  </datafield>
  <datafield tag="942" ind1=" " ind2=" ">
    <subfield code="c">BK</subfield>
  </datafield>
  <datafield tag="590" ind1=" " ind2=" ">
    <subfield code="a">niveau_biblio:m niveau_hierar:0</subfield>
  </datafield>
  <datafield tag="100" ind1="1" ind2=" ">
    <subfield code="a">Carlevari, Isidro J.F.</subfield>
  </datafield>
  <datafield tag="999" ind1=" " ind2=" ">
    <subfield code="c">2847</subfield>
    <subfield code="d">2847</subfield>
  </datafield>
  <datafield tag="952" ind1=" " ind2=" ">
    <subfield code="0">0</subfield>
    <subfield code="1">0</subfield>
    <subfield code="4">0</subfield>
    <subfield code="7">0</subfield>
    <subfield code="a">BCEJYS</subfield>
    <subfield code="b">BCEJYS</subfield>
    <subfield code="c">16</subfield>
    <subfield code="d">2026-04-07</subfield>
    <subfield code="l">0</subfield>
    <subfield code="o">911.3:33(82) C278 6ed.</subfield>
    <subfield code="p">L53694</subfield>
    <subfield code="r">2026-04-07 15:56:46</subfield>
    <subfield code="w">2026-04-07</subfield>
    <subfield code="y">L</subfield>
  </datafield>
  <datafield tag="952" ind1=" " ind2=" ">
    <subfield code="0">0</subfield>
    <subfield code="1">0</subfield>
    <subfield code="4">0</subfield>
    <subfield code="7">0</subfield>
    <subfield code="a">BCEJYS</subfield>
    <subfield code="b">BCEJYS</subfield>
    <subfield code="c">16</subfield>
    <subfield code="d">2026-04-07</subfield>
    <subfield code="l">0</subfield>
    <subfield code="o">911.3:33(82) C278 6ed.</subfield>
    <subfield code="p">L53691</subfield>
    <subfield code="r">2026-04-07 15:56:46</subfield>
    <subfield code="w">2026-04-07</subfield>
    <subfield code="y">L</subfield>
  </datafield>
  <datafield tag="952" ind1=" " ind2=" ">
    <subfield code="0">0</subfield>
    <subfield code="1">0</subfield>
    <subfield code="4">0</subfield>
    <subfield code="7">0</subfield>
    <subfield code="a">BCEJYS</subfield>
    <subfield code="b">BCEJYS</subfield>
    <subfield code="c">16</subfield>
    <subfield code="d">2026-04-07</subfield>
    <subfield code="l">0</subfield>
    <subfield code="o">911.3:33(82) C278 6ed.</subfield>
    <subfield code="p">L53692</subfield>
    <subfield code="r">2026-04-07 15:56:46</subfield>
    <subfield code="w">2026-04-07</subfield>
    <subfield code="y">L</subfield>
  </datafield>
  <datafield tag="952" ind1=" " ind2=" ">
    <subfield code="0">0</subfield>
    <subfield code="1">0</subfield>
    <subfield code="4">0</subfield>
    <subfield code="7">0</subfield>
    <subfield code="a">BCEJYS</subfield>
    <subfield code="b">BCEJYS</subfield>
    <subfield code="c">16</subfield>
    <subfield code="d">2026-04-07</subfield>
    <subfield code="l">0</subfield>
    <subfield code="o">911.3:33(82) C278 6ed.</subfield>
    <subfield code="p">L45317</subfield>
    <subfield code="r">2026-04-07 15:56:46</subfield>
    <subfield code="w">2026-04-07</subfield>
    <subfield code="y">L</subfield>
  </datafield>
</record>
